000 00833 a2200253 4500
999 _c116159
_d116159
003 BJBSDDR
005 20230411090753.0
007 ta
008 220412s2016 dr ||||| |||| 00| 0 spa d
020 _a9789945409369
020 _a9945409360
040 _bspa
_cBJBSDDR
041 _aspa
050 1 4 _a118 TE 145
_bE77f 2016
100 1 _aEspinosa Feliz, José
245 1 0 _aFundamentos básicos y guía en la construcción de carreteras :
_bconceptos prácticos procedimientos constructivos /
_cJos Ěspinosa Feliz
260 _aSanto Domingo, República Dominicana. :
_bImpresora Conadex,
_c2016
300 _a370 p. :
_bill. ;
_c23 cm
650 4 _922194
_aConstrucción de carreteras
_vGuías
650 4 _922195
_aIngeniería de carreteras
650 4 _917720
_aIngeniería civil
942 _2lcc
_cBK
946 _irmza